000 00940nam a2200265 i 4500
001 185324
003 SpMaBN
005 20250901063141.0
008 160520s2001 sp be |||| |dspa d
020 _a84-666-0239-9
080 _a821.134.2-31"19"
100 1 _aSánchez Adalid, Jesús,
_d1962-
_9159586
245 1 3 _aEl mozárabe /
_cJesús Sánchez Adalid.
246 3 _aEl destino de dos seres excepcionales en la península ibérica bajo la dominación musulmana
250 _a1ª ed., 3ª reimp. [4ª ed.].
260 _aBarcelona :
_bEdiciones B,
_c2001.
300 _a662 p. :
_bplanos, mapa ;
_c24 cm.
490 1 _aHistórica
500 _aGlosario.
830 1 0 _aHistórica (Ediciones B)
_9176073
852 _aES-MaACL
_jA-13764
_9192349
_bR.150982
_cDEPO1
_dOlim: N-6764
_hDonación: José Lázaro
903 _9234219
_aLázaro García, José
_ednr
942 _2udc
_cMONOGRAFIA
999 _c185324
_d185324